| 000 | 00535cam a22001571 4500 | ||
|---|---|---|---|
| 082 |
_a620.4 _bLOM |
||
| 100 | 1 |
_aLombardo, Josef Vincent. _941232 |
|
| 245 | 1 | 0 |
_aEngineering drawing _c[by] Josef Vincent Lombardo, Lewis O. Johnson [and] W. Irwin Short. Albert J. Lombardo, editor. |
| 260 |
_aNew York, _bBarnes & Noble _c[c1956] |
||
| 300 |
_a432 p. _billus. _c21 cm. |
||
| 526 |
_a0 _b0 _c0 _d620_400000000000000_LOM |
||
| 650 | 0 |
_aDrawing-room practice. _941233 |
|
| 650 | 0 |
_aMCE _9379 |
|
| 650 | 0 | _aMechanical drawing. | |
| 942 |
_2ddc _cBK |
||
| 999 |
_c545398 _d545398 |
||